000
00288nam a22001337a 4500
008
210426b ||||| |||| 00| 0 eng d
041
_a
eng
080
_a
541
082
_a
541
100
_a
12
101
_a
KIM
245
_a
Modern Glass Practice
_c
Samuel R. Scholes
942
_2
udc
_c
BK
999
_c
56776
_d
56776